[Event "Ct. Catalunya eq. DH"]
[Site "?"]
[Date "2011.03.05"]
[Round "6.6"]
[White "Trepat Herranz, J."]
[Black "Duran Albareda, X."]
[Result "1-0"]
[WhiteElo "2355"]
[BlackElo "2320"]
[PlyCount "87"]
[EventDate "2011.??.??"]
[EventType "team"]

1. d4 Nf6 2. c4 g6 3. g3 Bg7 4. Bg2 O-O 5. Nf3 d6 6. O-O Nc6 7. Nc3 e5 8. d5
Ne7 9. e4 Ne8 10. Ne1 f5 11. Nd3 Kh8 12. f4 exf4 13. Bxf4 fxe4 14. Nxe4 h6 15.
Bd2 Ng8 16. Rxf8 Bxf8 17. Nf4 Ne7 18. Bc3+ Bg7 19. Qd2 g5 20. Nh5 Ng6 21. Nxg7
Nxg7 22. Bf6 Qe8 23. h4 Bf5 24. hxg5 h5 25. Re1 Qd7 26. Bc3 Rf8 27. Nf6 Qf7 28.
Nxh5 Ne5 29. Nf6 Ne8 30. Rf1 Qg6 31. Qf4 Nxf6 32. gxf6 Bd3 33. Qh4+ Kg8 34. Rf4
Kf7 35. Qh3 Re8 36. Bxe5 dxe5 37. Qd7+ Kf8 38. f7 Ra8 39. Rh4 Qf6 40. Qxc7 e4
41. Qc5+ Kg7 42. Rf4 Qb6 43. Qxb6 axb6 44. f8=Q+ 1-0

[Event "Ct. Catalunya eq. DH"]
[Site "?"]
[Date "2011.03.05"]
[Round "6.7"]
[White "Armengol Comas, J."]
[Black "Coll Ortega, J."]
[Result "0-1"]
[WhiteElo "2297"]
[BlackElo "2361"]
[PlyCount "86"]
[EventDate "2011.??.??"]
[EventType "team"]

1. e4 c5 2. Nf3 e6 3. d3 d5 4. Nbd2 Nf6 5. g3 g6 6. Bg2 Bg7 7. O-O O-O 8. Re1
Nc6 9. Qe2 b6 10. Nf1 e5 11. Bg5 d4 12. a3 Be6 13. Nxe5 Nxe5 14. f4 Ned7 15. e5
Rb8 16. exf6 Bxf6 17. h4 Kg7 18. Nh2 h6 19. Bxf6+ Nxf6 20. Qf2 Nd5 21. Nf1 Qd7
22. Re5 f6 23. Re2 Rbe8 24. Rae1 h5 25. Re4 a5 26. Qd2 Bf7 27. c3 dxc3 28. bxc3
Rd8 29. Qb2 Qd6 30. Nd2 b5 31. c4 Nc7 32. Bf1 Rb8 33. Qc2 Ne6 34. cxb5 Nd4 35.
Qc3 Rxb5 36. Rc1 Bd5 37. Ree1 Rfb8 38. Ne4 Bxe4 39. Rxe4 Rb2 40. Kh1 Nf5 41.
Qe1 Qd5 42. Kg1 Nd4 43. Be2 Rxe2 0-1

[Event "Ct. Catalunya eq. DH"]
[Site "?"]
[Date "2011.03.05"]
[Round "6.7"]
[White "Cruz Sanchez, JE."]
[Black "Anguera Maestro, J."]
[Result "1-0"]
[WhiteElo "2402"]
[BlackElo "2183"]
[PlyCount "113"]
[EventDate "2011.??.??"]
[EventType "team"]

1. d4 d5 2. Nf3 Nf6 3. c4 c6 4. Nc3 Bf5 5. cxd5 Nxd5 6. Nh4 Bc8 7. g3 g6 8. Bg2
Bg7 9. O-O O-O 10. Qb3 Nb6 11. Rd1 Be6 12. Qc2 Na6 13. a3 Qd7 14. Ne4 Rad8 15.
Bf4 Nd5 16. Bc1 Bh3 17. Bxh3 Qxh3 18. Ng5 Qd7 19. Ng2 Nac7 20. Nf3 Ne6 21. Rb1
Qc8 22. b3 Ndc7 23. Bb2 Nb5 24. e3 Nec7 25. a4 Nd6 26. Rbc1 Qf5 27. Qe2 Qg4 28.
Nge1 Ne4 29. Kg2 Ng5 30. Ng1 Qxe2 31. Nxe2 Ne4 32. Nd3 Nd5 33. h4 h5 34. Kf3 f5
35. Nef4 Kf7 36. Ng2 e6 37. Ke2 Bf6 38. Nge1 Kg7 39. Nf3 Rfe8 40. Rc2 Be7 41.
Rdc1 a5 42. Nfe5 Nef6 43. Nc4 Ra8 44. Nc5 Kf7 45. Nxb7 Reb8 46. Nbxa5 Nb4 47.
Rd2 Nd7 48. Ba3 Ra6 49. f3 Rba8 50. Nb7 Rb8 51. Nbd6+ Kf8 52. e4 c5 53. Nb5 Nc6
54. dxc5 Nxc5 55. Bxc5 Bxc5 56. Nc7 Nb4 57. Ne5 1-0

[Event "Ct. Catalunya eq. DH"]
[Site "?"]
[Date "2011.03.05"]
[Round "6.7"]
[White "Llaneza Vega, P."]
[Black "Mestre Bellido, H."]
[Result "1-0"]
[WhiteElo "2237"]
[BlackElo "2379"]
[PlyCount "87"]
[EventDate "2011.??.??"]
[EventType "team"]

1. e4 e5 2. Nf3 Nc6 3. d4 exd4 4. Nxd4 Bc5 5. Nxc6 Qf6 6. Qf3 bxc6 7. Nd2 Qxf3
8. gxf3 Bd4 9. Nb3 Bf6 10. f4 g6 11. c3 d5 12. e5 Bg7 13. Be3 Ne7 14. O-O-O f6
15. Bd4 O-O 16. Re1 Nf5 17. exf6 Nxd4 18. fxg7 Nxb3+ 19. axb3 Kxg7 20. Re7+ Rf7
21. Rxf7+ Kxf7 22. Bd3 Kf6 23. Kd2 Rb8 24. Kc2 Bf5 25. Bxf5 Kxf5 26. Re1 Kf6
27. b4 Rf8 28. Kd3 Kf5 29. Re7 h5 30. Ke3 Kg4 31. Re6 Rg8 32. Rxc6 Rg7 33. f3+
Kh3 34. f5 gxf5 35. Kf4 h4 36. Rh6 Rg2 37. Kxf5 Rxh2 38. f4 Rxb2 39. Ke6 Kg4
40. f5 Rf2 41. Rg6+ Kh5 42. Rg8 Kh6 43. f6 Kh7 44. f7 1-0

[Event "Ct. Catalunya eq. DH"]
[Site "?"]
[Date "2011.03.05"]
[Round "6.7"]
[White "Rahal, M."]
[Black "Guasch Sariol, J."]
[Result "1-0"]
[WhiteElo "2343"]
[BlackElo "2119"]
[PlyCount "33"]
[EventDate "2011.??.??"]
[EventType "team"]

1. e4 e6 2. d4 d5 3. Nd2 dxe4 4. Nxe4 Bd7 5. Nf3 Bc6 6. Bd3 Nd7 7. O-O Ngf6 8.
Ng3 Bxf3 9. Qxf3 c6 10. Re1 Bd6 11. Nf5 Bf8 12. Bf4 Qb6 13. c4 O-O-O 14. c5 Qb4
15. Nd6+ Bxd6 16. Bxd6 Qxd4 17. Qxc6+ 1-0

[Event "Ct. Catalunya eq. DH"]
[Site "?"]
[Date "2011.03.05"]
[Round "6.8"]
[White "Barbero Sendic, A."]
[Black "Sadrija, E."]
[Result "1-0"]
[WhiteElo "2338"]
[BlackElo "2244"]
[PlyCount "121"]
[EventDate "2011.??.??"]
[EventType "team"]

1. e4 e6 2. d4 d5 3. Nc3 Bb4 4. exd5 exd5 5. Bd3 Qe7+ 6. Nge2 Nf6 7. O-O O-O 8.
Bg5 c6 9. Ng3 Qd6 10. Qd2 Ne8 11. a3 Ba5 12. Rfe1 Be6 13. Qe2 Bd8 14. Qh5 g6
15. Qh4 Ng7 16. Bxd8 Qxd8 17. Qh6 Qf6 18. Nce2 Nd7 19. Nf4 Rae8 20. c3 Nf5 21.
Nxf5 Bxf5 22. Nh5 gxh5 23. Qxf6 Nxf6 24. Bxf5 Kg7 25. h4 Ng8 26. b3 Nh6 27. Bd3
Re6 28. Rxe6 fxe6 29. Re1 Rf6 30. Re5 Nf7 31. Rxh5 h6 32. f3 b6 33. Kf2 c5 34.
g4 Nd6 35. g5 hxg5 36. hxg5 Rf8 37. Rh7+ Kg8 38. dxc5 bxc5 39. Rxa7 Ne4+ 40.
Bxe4 dxe4 41. f4 Rxf4+ 42. Ke3 Rf3+ 43. Kxe4 Rxc3 44. Rb7 Rg3 45. Kf4 Rg1 46.
Rb5 Rb1 47. Ke5 Kf7 48. Kd6 Ra1 49. a4 c4 50. bxc4 Rxa4 51. c5 Rd4+ 52. Kc6 Rd5
53. Kb6 Rxg5 54. c6 Rg8 55. c7 Ke7 56. Kb7 Kd6 57. c8=Q Rxc8 58. Kxc8 e5 59.
Kb7 e4 60. Kb6 e3 61. Rb3 1-0

[Event "Ct. Catalunya eq. DH"]
[Site "?"]
[Date "2011.03.05"]
[Round "6.8"]
[White "Monclus Domingo, A."]
[Black "Godesard Forga, C."]
[Result "1-0"]
[WhiteElo "2299"]
[BlackElo "2156"]
[PlyCount "49"]
[EventDate "2011.??.??"]
[EventType "team"]

1. e4 e6 2. d4 d5 3. e5 Bd7 4. a3 c5 5. dxc5 Bxc5 6. Qg4 Ne7 7. Bd3 Qb6 8. Nf3
Nbc6 9. O-O Ng6 10. b4 Be7 11. Bb2 O-O-O 12. Nbd2 f6 13. Bxg6 hxg6 14. Qxg6
Rdg8 15. Rfe1 Be8 16. Qd3 f5 17. c4 g5 18. cxd5 g4 19. Nd4 exd5 20. Nxf5 Rxh2
21. Nf1 g3 22. N1xg3 Bg6 23. Qxd5 Rf8 24. Qe6+ Kb8 25. Qxg6 1-0

[Event "Ct. Catalunya eq. DH"]
[Site "?"]
[Date "2011.03.05"]
[Round "6.8"]
[White "Pueyo Burrell, D."]
[Black "Lopez Agustench, E."]
[Result "0-1"]
[WhiteElo "2301"]
[BlackElo "2360"]
[PlyCount "130"]
[EventDate "2011.??.??"]
[EventType "team"]

1. e4 c5 2. Nf3 e6 3. d4 cxd4 4. Nxd4 a6 5. Nc3 Qc7 6. g3 Bb4 7. Nde2 Nf6 8.
Bg2 Be7 9. O-O Nc6 10. a4 d6 11. h3 b6 12. Be3 Bb7 13. f4 O-O 14. g4 Rfe8 15.
Qe1 Rab8 16. Qf2 Nd7 17. g5 Bf8 18. Rad1 Bc8 19. Rd2 b5 20. axb5 axb5 21. Nd4
Nxd4 22. Bxd4 b4 23. Na4 e5 24. fxe5 Nxe5 25. Nb6 Be6 26. Nd5 Bxd5 27. exd5 g6
28. Qf4 Bg7 29. Rdf2 Rf8 30. Kh1 f5 31. gxf6 Rxf6 32. Qg5 Rxf2 33. Rxf2 b3 34.
c3 Ra8 35. Bxe5 Bxe5 36. Qg4 Ra1+ 37. Rf1 Rxf1+ 38. Bxf1 Qa7 39. Kg2 Qe3 40.
Qe6+ Kf8 41. Qg4 Qd2+ 42. Qe2 Qc2 43. Kf2 Bf4 44. Kf3 Bg5 45. Kg2 Kg7 46. Kf3
h5 47. Kg2 Bf6 48. Kf3 Qf5+ 49. Kg2 Qxd5+ 50. Qf3 Qd2+ 51. Qe2 Qc2 52. Kf3 Be5
53. Ke3 Qc1+ 54. Kd3 Qb1+ 55. Kc4 Qa2 56. Qd1 Qxb2 57. Qxb3 Qc1 58. Qb7+ Kh6
59. Qf3 Qd2 60. Qf8+ Bg7 61. Qf3 Qa2+ 62. Kd3 d5 63. Qe3+ Kh7 64. Be2 Qb1+ 65.
Kd2 Bh6 0-1

[Event "Ct. Catalunya eq. DH"]
[Site "?"]
[Date "2011.03.05"]
[Round "6.8"]
[White "Rosich Valles, A."]
[Black "Yepes Martinez, E."]
[Result "1/2-1/2"]
[WhiteElo "2366"]
[BlackElo "2260"]
[PlyCount "44"]
[EventDate "2011.??.??"]
[EventType "team"]

1. e4 e6 2. d4 d5 3. Nc3 Nf6 4. Bg5 Bb4 5. Nge2 dxe4 6. a3 Be7 7. Bxf6 Bxf6 8.
Nxe4 O-O 9. Qd3 Nd7 10. O-O-O e5 11. N2c3 exd4 12. Nxf6+ Nxf6 13. Qxd4 Qxd4 14.
Rxd4 Be6 15. Be2 Rfd8 16. Rhd1 Rxd4 17. Rxd4 c6 18. Rb4 b6 19. Bf3 Rc8 20. Rd4
Kf8 21. b3 Ke7 22. Kb2 Rc7 1/2-1/2

[Event "Ct. Catalunya eq. DH"]
[Site "?"]
[Date "2011.03.05"]
[Round "6.9"]
[White "Bosque Ortega, X."]
[Black "Hernandez Casillas, JJ."]
[Result "1/2-1/2"]
[WhiteElo "2327"]
[BlackElo "2279"]
[PlyCount "58"]
[EventDate "2011.??.??"]
[EventType "team"]

1. d4 Nf6 2. Nf3 e6 3. Bf4 b6 4. e3 Bb7 5. Nbd2 Be7 6. Bd3 Nh5 7. Bg3 d6 8. Qe2
Nd7 9. e4 g6 10. e5 d5 11. O-O a6 12. Qe3 c5 13. c3 c4 14. Bc2 b5 15. Bf4 Nxf4
16. Qxf4 a5 17. h4 h6 18. g3 Qb6 19. Kg2 b4 20. Rab1 Bc6 21. b3 cxb3 22. Bxb3
Bb5 23. c4 dxc4 24. Bxc4 Kf8 25. d5 Kg7 26. Bxb5 Qxb5 27. dxe6 fxe6 28. Qg4 Qd5
29. Rbd1 Nxe5 1/2-1/2

[Event "Ct. Catalunya eq. DH"]
[Site "?"]
[Date "2011.03.05"]
[Round "6.9"]
[White "Colon Garcia, E."]
[Black "Grau Garsaball, J."]
[Result "0-1"]
[WhiteElo "2288"]
[BlackElo "2098"]
[PlyCount "64"]
[EventDate "2011.??.??"]
[EventType "team"]

1. e4 d5 2. exd5 Qxd5 3. Nc3 Qa5 4. d4 Nf6 5. Nf3 Bg4 6. h3 Bxf3 7. Qxf3 c6 8.
Bd2 Nbd7 9. O-O-O e6 10. Bc4 Qc7 11. Rhe1 Nb6 12. Bb3 O-O-O 13. Bf4 Bd6 14. Be5
Bxe5 15. dxe5 Rxd1+ 16. Nxd1 Nfd5 17. c4 Nb4 18. a3 Na6 19. Qg4 g6 20. Nc3 Nc5
21. Bc2 Rd8 22. Re3 a5 23. b4 axb4 24. axb4 Na6 25. Na2 Qe7 26. Rb3 c5 27. bxc5
Qxc5 28. Qf3 Rd7 29. Nc3 Nxc4 30. Na4 Qxe5 31. Rc3 Qe1+ 32. Bd1 Qd2+ 0-1

[Event "Ct. Catalunya eq. DH"]
[Site "?"]
[Date "2011.03.05"]
[Round "6.9"]
[White "Dickl, E."]
[Black "Martinez Lopez, I."]
[Result "0-1"]
[WhiteElo "2231"]
[BlackElo "2311"]
[PlyCount "96"]
[EventDate "2011.??.??"]
[EventType "team"]

1. e4 d5 2. exd5 Qxd5 3. Nf3 Bg4 4. Be2 Nc6 5. h3 Bxf3 6. Bxf3 Qe6+ 7. Qe2
Qxe2+ 8. Bxe2 O-O-O 9. c3 e5 10. d3 f5 11. f4 exf4 12. Bxf4 Re8 13. Kd2 Nf6 14.
Bf3 Ne5 15. Bxe5 Rxe5 16. Na3 Bxa3 17. bxa3 b6 18. Rab1 Rd8 19. Rhe1 Ra5 20.
Rb3 Nd7 21. c4 Ne5 22. Bd5 c6 23. Rxe5 cxd5 24. c5 Rxc5 25. Rxf5 g6 26. Rf4 Kb7
27. d4 Rc4 28. Rf7+ Kb8 29. Rxh7 Rxd4+ 30. Rd3 Rc4 31. Rg7 Rd6 32. Rf3 Rc7 33.
Rg8+ Kb7 34. Rg3 Rcc6 35. Rg7+ Ka6 36. a4 Rf6 37. Kd3 Rf2 38. R3xg6 Rc4 39. Rd6
Rxa4 40. Rxd5 Raxa2 41. Rdd7 Rfd2+ 42. Kc3 Rxd7 43. Rxd7 Rxg2 44. Rd3 Kb5 45.
h4 Rh2 46. Rd5+ Ka4 47. Rd4+ Ka5 48. Kb3 b5 0-1

[Event "Ct. Catalunya eq. DH"]
[Site "?"]
[Date "2011.03.05"]
[Round "6.9"]
[White "Garrido Fernandez, D."]
[Black "Bofill Mas, A."]
[Result "0-1"]
[WhiteElo "2237"]
[BlackElo "2334"]
[PlyCount "92"]
[EventDate "2011.??.??"]
[EventType "team"]

1. e4 c5 2. Nf3 e6 3. b3 b6 4. Bb2 Bb7 5. Nc3 Nc6 6. g3 Nf6 7. Bg2 e5 8. O-O d6
9. d3 g6 10. Ng5 Bg7 11. f4 exf4 12. gxf4 O-O 13. Ne2 d5 14. e5 Nh5 15. Qd2 h6
16. Nh3 Qd7 17. d4 Ne7 18. Ba3 Nf5 19. dxc5 Rfc8 20. Rad1 Nh4 21. c6 Rxc6 22.
Nd4 Rac8 23. Nxc6 Bxc6 24. Nf2 Nxg2 25. Kxg2 d4+ 26. Kg1 Bb7 27. c4 Qc6 28. Nd3
Qh1+ 29. Kf2 Qxh2+ 30. Ke1 Qh3 31. Qf2 Re8 32. Rg1 Bf6 33. Kd2 Bh4 34. Qxd4 Rd8
35. Bd6 Ng3 36. Rxg3 Bxg3 37. Kc2 Qf5 38. Kb2 h5 39. c5 Bf3 40. Rg1 bxc5 41.
Nxc5 h4 42. Qe3 Bxf4 43. Qc3 Rxd6 44. Ka3 Bxe5 45. Qb4 Rb6 46. Qxh4 Bd6 0-1

[Event "Ct. Catalunya eq. DH"]
[Site "?"]
[Date "2011.03.05"]
[Round "6.10"]
[White "Baños, OF."]
[Black "Lopez Santana, O."]
[Result "1/2-1/2"]
[WhiteElo "2232"]
[BlackElo "2171"]
[PlyCount "87"]
[EventDate "2011.??.??"]
[EventType "team"]

1. c4 e5 2. Nc3 Bb4 3. Nf3 Bxc3 4. dxc3 Nc6 5. e4 Nf6 6. Bd3 d6 7. h3 h6 8. Be3
Be6 9. Qd2 Qe7 10. O-O-O a5 11. g4 a4 12. g5 hxg5 13. Nxg5 Na5 14. Qe2 b5 15.
cxb5 Bxa2 16. b4 axb3 17. Qb2 d5 18. exd5 Nxd5 19. Ne4 Nxe3 20. fxe3 f5 21. Nd2
e4 22. Be2 Qc5 23. c4 O-O-O 24. Qc3 Qa3+ 25. Qb2 Qb4 26. h4 f4 27. exf4 e3 28.
Nb1 Bxb1 29. Kxb1 Nxc4 30. Bxc4 Qxc4 31. Qg2 Kb8 32. b6 Rxd1+ 33. Rxd1 Qc2+ 34.
Qxc2 bxc2+ 35. Kxc2 cxb6 36. Rd7 Rxh4 37. Rxg7 Rxf4 38. Kd3 e2 39. Kxe2 Rd4 40.
Ke3 Rd1 41. Ke4 Kc8 42. Rh7 b5 43. Rh5 b4 44. Rb5 1/2-1/2

[Event "Ct. Catalunya eq. DH"]
[Site "?"]
[Date "2011.03.05"]
[Round "6.10"]
[White "Borges Ayas, J."]
[Black "Subirats Ruiz, S."]
[Result "1/2-1/2"]
[WhiteElo "2026"]
[BlackElo "2206"]
[PlyCount "101"]
[EventDate "2011.??.??"]
[EventType "team"]

1. e4 e5 2. Nf3 Nc6 3. d4 exd4 4. Nxd4 Nf6 5. Nxc6 bxc6 6. Bd3 d5 7. exd5 cxd5
8. O-O Be7 9. Nd2 O-O 10. b3 Bg4 11. Be2 Bf5 12. Bb2 c5 13. Re1 Rc8 14. Nf1 d4
15. Ng3 Be6 16. Bd3 Nd5 17. Qf3 g6 18. Bc1 Re8 19. Bb5 Qa5 20. Rxe6 fxe6 21.
Bxe8 Qe1+ 22. Nf1 Rxe8 23. Bb2 Qa5 24. Qe2 Bf6 25. Qd2 Qxd2 26. Nxd2 Nb4 27.
Ne4 Be7 28. c3 Nd3 29. Ba3 Nf4 30. cxd4 cxd4 31. Bxe7 Rxe7 32. g3 Nd5 33. Rc1
Kg7 34. Kf1 Nf6 35. Nxf6 Kxf6 36. Ke2 e5 37. f3 Kf5 38. Rc5 g5 39. b4 h5 40. b5
g4 41. f4 Ke4 42. Rxe5+ Rxe5 43. fxe5 Kxe5 44. Kd3 Kd5 45. a3 Kc5 46. a4 Kb4
47. Kxd4 Kxa4 48. Kc4 Ka3 49. Kc3 Ka2 50. Kc2 Ka3 51. Kc3 1/2-1/2

[Event "Ct. Catalunya eq. DH"]
[Site "?"]
[Date "2011.03.05"]
[Round "6.10"]
[White "Bruned Segura, M."]
[Black "Del Amo Carbo, J."]
[Result "1-0"]
[WhiteElo "2283"]
[BlackElo "2082"]
[PlyCount "93"]
[EventDate "2011.??.??"]
[EventType "team"]

1. e4 e5 2. Nf3 Nc6 3. Bb5 Nf6 4. d3 d6 5. c3 a6 6. Ba4 Be7 7. Nbd2 O-O 8. h3
b5 9. Bc2 Bb7 10. O-O Nb8 11. Re1 Nbd7 12. Nf1 Re8 13. g4 Nb6 14. Ng3 Bf8 15.
b3 c5 16. a4 Qc7 17. a5 Nc8 18. Bg5 Nd7 19. d4 cxd4 20. cxd4 Ne7 21. d5 Ng6 22.
Qd2 Rac8 23. Rac1 f6 24. Be3 Qc3 25. Ne2 Qxd2 26. Nxd2 Rc7 27. b4 Rec8 28. Bd3
Rxc1 29. Rxc1 Rxc1+ 30. Nxc1 Nf4 31. Bf1 Be7 32. Nb1 Bd8 33. Nc3 Kf7 34. Ba7
Ke7 35. Nb3 Bc7 36. Nxb5 axb5 37. Bxb5 Nb8 38. Bc4 Nxh3+ 39. Kh2 Ng5 40. Bd3
Na6 41. b5 Nb4 42. a6 Nxd3 43. axb7 Nxe4 44. b6 Bb8 45. Bxb8 Nec5 46. Nxc5 Nxc5
47. Bxd6+ 1-0

[Event "Ct. Catalunya eq. DH"]
[Site "?"]
[Date "2011.03.05"]
[Round "6.10"]
[White "Llobet Reus, P."]
[Black "Alcaraz Lopez, F."]
[Result "1-0"]
[WhiteElo "2259"]
[BlackElo "2038"]
[PlyCount "37"]
[EventDate "2011.??.??"]
[EventType "team"]

1. e4 c5 2. Nf3 Nc6 3. d4 cxd4 4. Nxd4 Nf6 5. Nc3 g6 6. Be3 Bg7 7. f3 O-O 8.
Qd2 d5 9. exd5 Nxd5 10. Nxc6 bxc6 11. Bd4 Nxc3 12. Bxg7 Qxd2+ 13. Kxd2 Kxg7 14.
Kxc3 Rd8 15. Bc4 Bb7 16. Rad1 Rd6 17. Rhe1 Kf6 18. Rd4 Rad8 19. Rf4+ 1-0

[Event "Ct. Catalunya eq. DH"]
[Site "?"]
[Date "2011.03.05"]
[Round "6.10"]
[White "Romero Perea, E."]
[Black "Mingo Fernandez, M."]
[Result "1/2-1/2"]
[WhiteElo "2221"]
[BlackElo "2285"]
[PlyCount "108"]
[EventDate "2011.??.??"]
[EventType "team"]

1. d4 d5 2. c4 e6 3. Nc3 Nf6 4. Bg5 Nbd7 5. cxd5 exd5 6. Nf3 c6 7. e3 Be7 8.
Bd3 O-O 9. O-O Re8 10. h3 Nf8 11. Rb1 Be6 12. Ne5 N6d7 13. Bf4 Nxe5 14. Bxe5 f6
15. Bg3 Bf7 16. b4 Bd6 17. Bxd6 Qxd6 18. b5 c5 19. dxc5 Qxc5 20. Ne2 Ne6 21.
Qa4 Qb6 22. Bf5 Nc5 23. Qb4 g6 24. Rfc1 Ne4 25. Bxe4 dxe4 26. a4 f5 27. a5 Qd8
28. Rd1 Qe7 29. Qxe7 Rxe7 30. Rbc1 Rae8 31. Rd6 Re5 32. Rc7 R8e7 33. Rd8+ Kg7
34. Rxe7 Rxe7 35. Nd4 Bc4 36. Rc8 Bd5 37. Rc5 Rd7 38. Kh2 Kf6 39. h4 h6 40. Kg3
Ke5 41. Rc8 Kf6 42. Kf4 g5+ 43. hxg5+ hxg5+ 44. Kg3 Rf7 45. Ra8 b6 46. Rd8 Ke5
47. Re8+ Kd6 48. axb6 axb6 49. Rc8 Ke5 50. Rh8 Rf6 51. Rh5 Rg6 52. Rh8 Rf6 53.
Rh5 Rg6 54. Rh8 Rf6 1/2-1/2

[Event "Ct. Catalunya eq. DH"]
[Site "?"]
[Date "2011.03.12"]
[Round "7.1"]
[White "Peralta, F."]
[Black "Hernando Rodrigo, JA."]
[Result "1-0"]
[WhiteElo "2607"]
[BlackElo "2321"]
[PlyCount "65"]
[EventDate "2011.??.??"]
[EventType "team"]

1. d4 e6 2. c4 Nf6 3. Nc3 Bb4 4. e3 c5 5. Bd3 O-O 6. Nf3 d5 7. O-O dxc4 8. Bxc4
Nc6 9. a3 Bxc3 10. bxc3 Qc7 11. Bb2 e5 12. h3 e4 13. Nd2 Ne7 14. Be2 Nf5 15.
dxc5 Nh4 16. c4 Re8 17. Nb3 Nd7 18. Qd6 Qd8 19. Nd4 Qg5 20. Qg3 Qh6 21. Nb5 Re6
22. Qf4 Qxf4 23. exf4 Rg6 24. g4 Nxc5 25. Nc7 Rb8 26. Nd5 Kf8 27. Be5 Ra8 28.
Nc7 Nf3+ 29. Bxf3 exf3 30. Nxa8 Ne4 31. f5 Rh6 32. Bf4 Rxh3 33. Rfe1 1-0

[Event "Ct. Catalunya eq. DH"]
[Site "?"]
[Date "2011.03.12"]
[Round "7.2"]
[White "Piñero Fernandez, X."]
[Black "Lafuente Pablo, A."]
[Result "0-1"]
[WhiteElo "2301"]
[BlackElo "2572"]
[PlyCount "56"]
[EventDate "2011.??.??"]
[EventType "team"]

1. Nf3 Nf6 2. c4 b6 3. Nc3 Bb7 4. g3 c5 5. Bg2 g6 6. O-O Bg7 7. d3 O-O 8. e4
Nc6 9. Bg5 d6 10. Qd2 Ng4 11. h3 Nge5 12. Nd5 Nxf3+ 13. Bxf3 Nd4 14. Bg2 f6 15.
Be3 e6 16. Nf4 Qd7 17. Bxd4 cxd4 18. h4 Bh6 19. Qe2 Bxf4 20. gxf4 e5 21. f5
gxf5 22. Bh3 Qg7+ 23. Kh2 Qh6 24. Bxf5 Qxh4+ 25. Bh3 f5 26. f3 Kh8 27. Qe1 Qh6
28. Rd1 f4 0-1

[Event "Ct. Catalunya eq. DH"]
[Site "?"]
[Date "2011.03.12"]
[Round "7.3"]
[White "Baron Isanta, JM."]
[Black "Minguez Rodriguez, R."]
[Result "1/2-1/2"]
[WhiteElo "2363"]
[BlackElo "2223"]
[PlyCount "26"]
[EventDate "2011.??.??"]
[EventType "team"]

1. e4 e5 2. Nf3 Nc6 3. Nc3 Nf6 4. Bb5 Bb4 5. O-O O-O 6. d3 d6 7. Ne2 Bg4 8.
Bxc6 bxc6 9. c3 Bc5 10. Ng3 Nh5 11. Nh1 Qf6 12. Be3 Bb6 13. Re1 Rab8 1/2-1/2

[Event "Ct. Catalunya eq. DH"]
[Site "?"]
[Date "2011.03.12"]
[Round "7.4"]
[White "Gardela Batlle, J."]
[Black "Raineri de Luca, P."]
[Result "1/2-1/2"]
[WhiteElo "2178"]
[BlackElo "2267"]
[PlyCount "85"]
[EventDate "2011.??.??"]
[EventType "team"]

1. c4 c6 2. Nc3 d5 3. cxd5 cxd5 4. d4 Nf6 5. Bf4 Nc6 6. e3 Bf5 7. Nf3 e6 8. Bb5
Nd7 9. Qa4 Be7 10. Bxc6 bxc6 11. Qxc6 O-O 12. Qa6 Nb6 13. O-O g5 14. Bg3 h5 15.
h3 Qc8 16. Qe2 h4 17. Bh2 Qc4 18. Rfc1 Rfc8 19. Qd1 Qb4 20. Qb3 f6 21. Nd2 Nc4
22. Nxc4 Rxc4 23. Qxb4 Bxb4 24. Nb5 Rac8 25. Rxc4 Rxc4 26. a3 Bd2 27. Nxa7 Rc2
28. Nb5 Rxb2 29. a4 Bd3 30. Nc7 Kf7 31. Bd6 Ba5 32. Nb5 Bxb5 33. axb5 Rxb5 34.
g3 hxg3 35. Bxg3 Bc3 36. Ra7+ Kg6 37. Kg2 e5 38. dxe5 fxe5 39. Kf3 Kf5 40. Rf7+
Ke6 41. Rf8 Rb4 42. Re8+ Kf6 43. Rf8+ 1/2-1/2

[Event "Ct. Catalunya eq. DH"]
[Site "?"]
[Date "2011.03.12"]
[Round "7.5"]
[White "Escandell Mari, JC."]
[Black "Tebar Moreno, JC."]
[Result "1/2-1/2"]
[WhiteElo "2286"]
[BlackElo "2157"]
[PlyCount "82"]
[EventDate "2011.??.??"]
[EventType "team"]

1. e4 c5 2. Nf3 Nc6 3. d4 cxd4 4. Nxd4 e6 5. Nc3 Qc7 6. Be3 Nf6 7. Bd3 a6 8.
O-O Nxd4 9. Bxd4 Bc5 10. Bxc5 Qxc5 11. Kh1 d6 12. f4 Bd7 13. Qe2 Bc6 14. e5
dxe5 15. fxe5 Nd7 16. Rae1 Qe7 17. Qg4 O-O-O 18. Qf4 Rhf8 19. Ne4 Bxe4 20. Qxe4
h5 21. b4 Nb6 22. a3 g6 23. Rf3 Rg8 24. Ref1 Rg7 25. c4 Qc7 26. c5 Nd5 27. Rc1
Qc6 28. Qe2 Nc7 29. Be4 Qb5 30. Qf2 Qd7 31. Bxb7+ Kxb7 32. h3 Qd2 33. c6+ Kc8
34. Qb6 Qxc1+ 35. Kh2 Rd1 36. Qb7+ Kd8 37. Qb8+ Ke7 38. Qxc7+ Ke8 39. Qb8+ Ke7
40. Qc7+ Ke8 41. Qb8+ Ke7 1/2-1/2

[Event "Ct. Catalunya eq. DH"]
[Site "?"]
[Date "2011.03.12"]
[Round "7.6"]
[White "Garzon Sanchez, JM."]
[Black "Pares Vives, N."]
[Result "1/2-1/2"]
[WhiteElo "2178"]
[BlackElo "2269"]
[PlyCount "37"]
[EventDate "2011.??.??"]
[EventType "team"]

1. d4 g6 2. Nf3 Bg7 3. g3 Nf6 4. Bg2 O-O 5. c4 d6 6. O-O Nc6 7. d5 Na5 8. Qa4
c5 9. Bd2 b6 10. Bc3 Bd7 11. Qc2 Bf5 12. Qa4 Rb8 13. Nbd2 h6 14. Nh4 Bd7 15.
Qa3 e5 16. e4 Nh5 17. b4 Nb7 18. Qxa7 Ra8 19. Qxb7 1/2-1/2

[Event "Ct. Catalunya eq. DH"]
[Site "?"]
[Date "2011.03.12"]
[Round "7.7"]
[White "Castellet Giralt, G."]
[Black "Roig Grau, J."]
[Result "1/2-1/2"]
[WhiteElo "2203"]
[BlackElo "2161"]
[PlyCount "44"]
[EventDate "2011.??.??"]
[EventType "team"]

1. d4 d5 2. c4 e6 3. Nc3 Nf6 4. cxd5 exd5 5. Bg5 Be7 6. Qc2 c6 7. e3 h6 8. Bf4
Nbd7 9. Bd3 O-O 10. Nf3 b6 11. h3 Bb7 12. O-O Re8 13. Bh2 Bf8 14. Rac1 Rc8 15.
Qb1 a6 16. b4 b5 17. Ne5 Nxe5 18. Bxe5 Nd7 19. Bf5 Nxe5 20. Bxc8 Nf3+ 21. gxf3
Bxc8 22. Ne2 Bxh3 1/2-1/2

[Event "Ct. Catalunya eq. DH"]
[Site "?"]
[Date "2011.03.12"]
[Round "7.8"]
[White "Godesard Forga, C."]
[Black "Fernandez Cazorla, A."]
[Result "0-1"]
[WhiteElo "2075"]
[BlackElo "2222"]
[PlyCount "82"]
[EventDate "2011.??.??"]
[EventType "team"]

1. Nf3 d5 2. d4 Nf6 3. Bg5 Ne4 4. Bf4 c5 5. c3 Qb6 6. Qb3 c4 7. Qxb6 axb6 8.
Nfd2 Nxd2 9. Nxd2 b5 10. a3 f5 11. f3 Nc6 12. e4 e6 13. Rd1 Be7 14. Be2 g5 15.
Be5 Nxe5 16. dxe5 f4 17. Nf1 dxe4 18. fxe4 h5 19. h3 Bd7 20. Nd2 Bc6 21. O-O
Bc5+ 22. Kh2 Ke7 23. h4 Be3 24. hxg5 Rag8 25. a4 Rxg5 26. axb5 Rhg8 27. Bf3
Bxb5 28. Rfe1 Rxe5 29. Nf1 Bb6 30. Rd2 Ra8 31. Red1 Ra2 32. g3 fxg3+ 33. Kxg3
Ra8 34. Kh3 Rf8 35. Bg2 Rg5 36. Nh2 Bc7 37. Rf1 Rg3+ 38. Kh4 Rfg8 39. Bf3 Bf4
40. Re2 e5 41. Ref2 Bd7 0-1

[Event "Ct. Catalunya eq. DH"]
[Site "?"]
[Date "2011.03.12"]
[Round "7.9"]
[White "Guasch Sariol, J."]
[Black "Porta Tovar, O."]
[Result "1-0"]
[WhiteElo "2119"]
[BlackElo "1673"]
[PlyCount "51"]
[EventDate "2011.??.??"]
[EventType "team"]

1. d4 Nf6 2. c4 g6 3. Nc3 Bg7 4. e4 d6 5. Be2 O-O 6. Bg5 Na6 7. Qd2 c5 8. d5
Rb8 9. f3 Bd7 10. g4 Ne8 11. h4 Nec7 12. Bh6 f6 13. Bxg7 Kxg7 14. a4 Nb4 15. f4
h6 16. Nh3 Qe8 17. f5 Rh8 18. Kf2 g5 19. hxg5 hxg5 20. Nxg5 Nc2 21. Qxc2 fxg5
22. Qd2 Kf6 23. e5+ dxe5 24. Ne4+ Kf7 25. d6 Na6 26. Qxg5 1-0